00643nam a2200145Ia 4500008004100000020002300041100002300064245012500087260005700212300004600269650001200315650001800327999001900345952013300364200928s9999 xx 000 0 und d a978-621-959-9066-2 aMendoza, Cheryl C. cCheryl C. Mendoza, Rhene C. Tabajen, Era Anjelika U. Tomas, Reginald B. Austria.--aWorktext in the contemporary world / aQuezon City :bNieme Publishing House Co. Ltd.c2019 aii , 122 pages :billustrations ;c25 cm. aCulture aGlobalization c364549d364549 001040aCLbCLcFILd2020-09-28eLibrary Fundl2m5oHM 621 .M539 2019pC22658r2024-12-02 00:00:00s2024-09-27w2020-09-28yBK